MDQL
is popping MORE tags! Check the
thread
!
Quizzes
Events
Quiz Creation
Community
Videos
Private Events
Remove Ads
Sign In
Join for FREE
Feedback
Dark Mode
Quiz Categories
Sports
Geography
Music
Movies
Television
Just For Fun
Miscellaneous
History
Literature
Language
Science
Gaming
Entertainment
Religion
Holiday
For Kids
Quiz Lab
Recent
Popular Today
Quiz Kudos Today
Editor Picks
Curator Picks
Quizzes by...
Day
Popularity
Type
Ratings
Length
Year
Community
Subscriptions
Recent Discussions
Orange Saloon
Badges
Playlists
Quests
Create
Leaderboards
Showdown
Live 5
Trivia Bingo
Activity
Puzzle Library
Sporcle Events
Private Events
Virtual Trivia
Globe League
Become a Host
Pub Owners
SporcleCon
Opinionation
Our Games
Videos
Blog
Mobile Apps
Partnerships
Remove Ads and Go Orange
Feedback
Music
Pop Music
The Beatles
Song
Album
Lyrics
Bands
Singers
Artist
Clip
Rock
Rap
Classical
Billboard
Country Music
Kpop
Taylor Swift
Music
Pop Music
The Beatles
Song
Album
Lyrics
Bands
Singers
Artist
Clip
Rock
Rap
Classical
Billboard
Country Music
Kpop
Taylor Swift
Random Quiz
Search Sporcle
×
Quiz Lab
Quiz Lab
Music
Song
Type in answers that appear in a list
Type in answers that appear in a list
Classic
Best Score? Go Orange.
Rolling Stones Songs (Clips) Stats
Can you name the Rolling Stones songs from the clips?
By
Poos
7m
20 Questions
1,241 Plays
1,241 Plays
1,241 Plays
Comments
Comments
Give Quiz Kudos
Give Quiz Kudos
-
- Ratings
hide this ad
Replay
Link that replays current quiz
Next Quiz
Link to next quiz in quiz playlist
You Got
0%
They Got
Avg Score
72%
Avg Friend Score
Upgrade to see
Score Distribution
Jump to the score distribution portion of the page
Score
0/20
Timer
07:00
0
Plays Today
Time
Song
% Correct
01:03-
01:11
Sympathy For The Devil
91.6%
00:00-
00:08
Brown Sugar
89.4%
00:08-
00:16
Ruby Tuesday
89.1%
00:16-
00:24
Start Me Up
88.9%
00:24-
00:31
Angie
88.8%
01:20-
01:32
Wild Horses
86.9%
02:11-
02:17
Jumpin' Jack Flash
86.4%
00:47-
00:55
Gimme Shelter
86%
02:32-
02:42
You Can't Always Get What You Want
83.2%
01:11-
01:20
Beast of Burden
81.2%
Time
Song
% Correct
01:49-
01:56
Under My Thumb
80.5%
02:24-
02:32
Miss You
71.2%
01:32-
01:40
Tumbling Dice
65.9%
01:40-
01:49
Mother's Little Helper
63.6%
00:55-
01:03
She's a Rainbow
59.3%
02:17-
02:24
Dead Flowers
47.1%
02:04-
02:11
Doo Doo Doo Doo Doo (Heartbreaker)
47%
01:56-
02:04
Monkey Man
46.3%
00:31-
00:39
Rocks Off
44.9%
00:39-
00:47
Route 66
43.4%
Quiz Playlist
Details
Report
Send in Message
Add To Playlist
Classic:
Type in answers that appear in a list
Last Updated: Feb 16, 2017
Quiz Scoreboard
CHALLENGE
Sign Up to Join the Scoreboard
Show All
Scores
Hide
Comments
May contain spoilers
Recently Published
Find the 'City' Movie
by crazypaving
Movies
60s
5x2 Blitz: Bands
by SL_Kpop136
Music
30s
Colored Red Africa Blitz
by spor1
Geography
30s
More to Explore
Quiz From the Vault
Featured Blog Post
14 Easter Pick-up Lines to Find Eggs With
hide this ad
You Might Also Like...
Tags
Album Quiz
Clip Quiz
Song Quiz
Audio Quiz
Rolling
stone
The Rolling Stones
Today's Top Quizzes in Music
Browse Music
hide this ad
Today's Top Quizzes in Song
Browse Song
Top Contributed Quizzes in Music
1
5X2 Blitz: Bands II
2
Taylor Swift All Songs (2024)
3
5X2 Blitz: The Beatles
4
5X2 Blitz: Billboard
5
Taylor Swift Logic Puzzle
6
Taylor Swift Logic Puzzle II
7
5X2 Blitz: Album
8
5X2 Blitz: Billboard II
9
Music Artist by Three 2010s hits
10
5X2 Blitz: Rock
Explore More
Trending Topics
Marvel
Harry Potter
Disney
Crossword
Anime
NBA
Kpop
The Office
Soccer
Country
Song
WWE
NFL
Puzzle
Pokémon
hide this ad
More By:
Poos
Quiz
Plays
Rating
Category
Featured
Created
England Test Cricket Players
148,386
4.25
Sports
Dec 1, 2009
Top Test Cricket Wicket Takers by Team
76,201
4.24
Sports
Dec 2, 2009
Cricketers
74,558
4.17
Sports
May 5, 2010
Top Test Cricket Run Scorers by Team
52,736
4.44
Sports
Dec 2, 2009
Cricinfo's all-time Test cricket XIs
17,283
4.42
Sports
Sep 14, 2010
Go to Creator's Profile
Score Distribution
Quiz Creator Spotlight
Poos
Follow
Send a Message
Quizzes Created
-
Created Quiz Play Count
-
More By This Creator
Popular Quizzes Today
1
5x2 Blitz: Bands
2
Find the 'City' Movie
3
Colored Red Africa Blitz
4
Find the US States - No Outlines Minefield
5
The Countries of the World
6
Find the US States
7
9x9 Crossword: Cartoon Network
8
US States
More Music Quizzes
Guess the Hip Hop Artist by the Album cover (2019)
Curator's Pick
Trending Quizzes
Colored Red Africa Blitz II
Colored Red Europe Blitz I
Christmas Pick: Judaism
Colored Red Africa Blitz III
Colored Red Europe Blitz II
Recently Updated
Champions League XIs: Real Madrid
pecheneg
Largest US Cities 1790-2010
pecheneg
Rides in Walt Disney World
pecheneg
Most Oscar Losses (Acting)
pecheneg
Beyoncé Albums
pecheneg
Leaping Animals
pecheneg
Reality TV Shows (A-Z)
bhenderson79
Rickey Henderson's Hall of Fame Teammates
pecheneg
Champions League XIs: Arsenal
pecheneg
Quick Pick: Celebrities in WWE's Hall of Fame
aduchscher
Trending Topics
NBA
Kpop
Crossword
Anime
Harry Potter
Marvel
Disney
The Office
Country
Song
Puzzle
Pokémon
Soccer
NFL
WWE
Your Account Isn't Verified!
In order to create a playlist on Sporcle, you need to verify the email address you used during registration. Go to your
Sporcle Settings
to finish the process.
Report this User
Report this user for behavior that violates our
Community Guidelines
.
Details:
Send Report
Go to the Sporcle.com Mobile Site →
Comments